00912nam a22002177a 4500999001700000003000900017008004100026040007100067082001700138100002700155245003000182260003600212300002800248505021800276650002400494650002500518650001700543942001600560945002100576952009700597 c19334d19334AR-CdUCM190517b ||||| |||| 00| 0 spa d aMUNICIPALIDAD PROVINCIAL DEL CUSCOcBIBLIOTECA MUNICIPAL DEL CUSCO a345.2 /bM41 aMelgar, Carlos Enrique aMi alegato :bcaso Luza / aLima :bGráfica Labor,c1975. a516 páginas ;c25 cm. aContenido: Itinerario de dos vidas -- La ciencia de las pruebas y la verdad jurídica -- Justicia científica venganza primitiva -- Si quieres juzgar, mira bien en tu propio corazón -- La duda favorece al reo. aProceso Luza940616 aDefensa penal940617 aDerecho9739 2ddccLIBROS aachld2019-05-17 002ddc4070aSHbSHcCARTd2019-05-17g60.00o345.2 / M41pSH0000014336r2019-05-17yLIBROS